Missing Word: Keep Calm and Carey On Quiz Stats

 Plays Quiz Updated Jul 25, 2015

Challenge
Share
Tweet
Embed
Score 0/16 Timer 03:00
0 Plays Today
Hint Word % Correct
Drew Carey
♚ TV SHOWS ♚
Right
98.5%
Carey Mulligan
♚ FILMS ♚
Great
98.3%
Drew Carey
♚ TV SHOWS ♚
Show
97.5%
Drew Carey
♚ TV SHOWS ♚
Dancing
96.4%
Drew Carey
♚ TV SHOWS ♚
Line
94%
Mariah Carey
♚ SONGS ♚
You
85.4%
Carey Mulligan
♚ FILMS ♚
Go
80.8%
Carey Mulligan
♚ FILMS ♚
Far
76.1%
Hint Word % Correct
Mariah Carey
♚ SONGS ♚
Belong
73%
Mariah Carey
♚ SONGS ♚
There
67.1%
Peter Carey
♚ BOOKS ♚
Life
66.2%
Mariah Carey
♚ SONGS ♚
Touch
44.7%
Carey Mulligan
♚ FILMS ♚
Inside
32.5%
Peter Carey
♚ BOOKS ♚
Gang
16.2%
Peter Carey
♚ BOOKS ♚
Oscar
12.9%
Peter Carey
♚ BOOKS ♚
Tax
5.7%

Today's Daily Dose

You're not logged in!

Compare scores with friends on all Sporcle quizzes.
OR
Log In

You Might Also Like...

Show Comments

Extras

Top Quizzes Today


Score Distribution

Your Account Isn't Verified!

In order to create a playlist on Sporcle, you need to verify the email address you used during registration. Go to your Sporcle Settings to finish the process.

Report this User

Report this user for behavior that violates our Community Guidelines.

Details: